Meditación sobre la pena de muerte

Bewaard in:
Bibliografische gegevens
Hoofdauteur: Basave Fernández del Valle, Agustín (Auteur)
Formaat: Boek
Taal:Spaans
Gepubliceerd in: Ciudad de México Fondo de Cultura Económica 1997
Editie:1a. ed
Reeks:Sección de Obras de Filosofía
Onderwerpen:
Tags: Voeg label toe
Geen labels, Wees de eerste die dit record labelt!

MARC

LEADER 00000cam a2200000 a 4500
001 UCO8596
003 CL-VaPUC
008 001215e19970000MX |||||||||||||||||spa|d
020 |a 9681651421 
082 0 4 |a 179.7  |b BAS  |2 21 
100 |a Basave Fernández del Valle, Agustín  |e author  |9 321702 
245 1 0 |a Meditación sobre la pena de muerte 
250 |a 1a. ed 
300 |a 150 p 
942 |c BK 
945 |d 20001215 00:00:00  |a vberengu 
260 |a Ciudad de México  |b Fondo de Cultura Económica  |c 1997 
650 0 |a Pena de muerte  |9 256612 
650 0 |a Derecho a la vida  |9 337220 
650 0 |a Derechos humanos  |9 223025 
650 0 |a Derechos fundamentales   |9 254841 
650 0 |a Castigo  |9 334685 
583 |a last modification  |c 20151110 09:31:06  |k Rodrigo Vera 
490 0 |a Sección de Obras de Filosofía 
999 |c 293173  |d 293171 
952 |0 0  |1 0  |4 0  |6 179_700000000000000_BAS_1997  |7 0  |8 A  |9 344488  |a BIBEDU  |b BIBEDU  |d 2019-11-20  |i 3625303  |o 179.7 BAS 1997  |p 3625303  |r 2019-11-20  |w 2019-11-20  |y BK  |k EDU 
952 |0 0  |1 0  |3 erb  |4 0  |6 179_700000000000000_BAS_1997  |7 0  |8 A  |9 344489  |a BIBEDU  |b BIBEDU  |i 524935K  |o 179.7 BAS 1997  |p 524935K  |r 2019-11-20  |w 2019-11-20  |y BK  |z Catalogado en:20151112  |k FIL